| 000 | 01611nam a2200301 4500 | ||
|---|---|---|---|
| 001 | 0000024054 | ||
| 003 | CO-CtgCURN | ||
| 005 | 20250331191039.0 | ||
| 007 | ta | ||
| 008 | 160627s2013 000 0 eng d | ||
| 020 | _a9789588791203 | ||
| 040 |
_aCO-CtgCURN _bspa _ccoctgcurn |
||
| 082 | 0 |
_a808.066 _bG394 |
|
| 100 | 1 | _aGettial, Juan Carlos. | |
| 245 | 1 | 0 |
_aManual basico de redacción para abogados / _cJuan Carlos Gettial. |
| 260 |
_aBogotá : _bUniversidad Libre, _c2013. |
||
| 300 | _a158 p. | ||
| 336 | _2rdacontent | ||
| 337 |
_2rdamedia _asin mediacion _bn |
||
| 338 |
_2rdacarrier _avolumen _bnc |
||
| 500 | _aIncluye hojas de respuestas de los talleres. | ||
| 504 | _aIncluye bibliografia p. (157-158) | ||
| 505 | 8 | _aErrores mas comunes en la construcción del texto -- El queismo y el dequeismo -- El que galicado -- El gerundio -- Discordancia de los pronombres le y lo -- El empleo de mismo como mero elemento anaforico -- El verbo haber como verbo impersonal -- La ortografia -- El apostrofo -- La dieresis -- La puntuacion -- Usos basicos de la mayuscula y la minuscula -- Los latinismos -- Locuciones latinas mas empleadas en el ambito juridico y en las ciencias humanas -- Gazapos jurídicos mas comunes -- El texto -- El parrafo -- La argumentacion -- Falacias -- El texto juridico -- Análisis de errores de algunos documentos -- jurídicos autenticos -- Modelo de redacción de un poder | |
| 650 | 1 | 4 |
_aRedacción de escritos _vManuales. |
| 908 | _a160627 | ||
| 942 |
_cBK _h808.066 _iG394 _2ddc |
||
| 999 |
_c25672 _d25672 |
||